000 00830nam a2200289Ia 4500
003 OSt
005 20221007104334.0
006 a|||||r|||| 00| 0
007 ta
008 221006b |||||||| |||| 00| 0 eng d
020 _a0195690656
024 _a15,556
037 _cTextual
040 _aLCO
_cLCO
_beng
041 _2eng
_aeng
082 _aZ2,9298, P5
100 _aElliott Mark Au.
_9696708
245 0 _aAdministrative Law
_b Text and Materials
250 _a3rd
260 _aNew
_bDelhi Oxford University Press India
_c2005
300 _a761
650 _aADMINISTRATIVE LAW
_9681514
700 _a Beatson Jack Ed.
700 _a Matthews Martin Ed.
_9705978
942 _hZ2,9298, P5
_cTEXL
999 _c1185119
_d1185119